01012pam a2200289 i 4500999001900000001000800019003000500027005001700032008004100049010001700090020001500107040001800122043001200140050001400152082002000166245008100186260004700267300003600314490005900350500000800409504005100417650004500468700002200513906004500535942002900580952011300609 c234984d2349842248387Nust20170404112456.0770726s1977 nyua b 001 0 eng  a 77021601  a0442232829 aDLCcDLCdDLC an-us---00b.H29 197700a333.9100973 HAN00aHandbook of water quality management planning /cEdited by Joseph L. Pavoni. aNew York :bVan Nostrand Reinhold,cc1977. axviii, 419 p. :bill. ;c24 cm.0 aVan Nostrand Reinhold environmental engineering series aH.B aIncludes bibliographical references and index. 0aWater quality managementzUnited States.1 aPavoni, Joseph L. a7bcbccorignewd1eocipf19gy-gencatlg 2ddccBKk333.9100973 HAN 00102ddc40708NFICaIESEbIESEcGENd2017-04-04l0o333.9100973 HANpIESE-321r2017-04-04w2017-04-04yBK